Normal view
MARC view
- آثار-زخارف-آثار بغداد-زخارف جدارية
Entry Topical Term
001 - CONTROL NUMBER
- control field: 48951
003 - CONTROL NUMBER IDENTIFIER
- control field: JO-AjAnu
005 - DATE AND TIME OF LATEST TRANSACTION
- control field: 20230606082053.0
008 - FIXED-LENGTH DATA ELEMENTS
- fixed length control field: 230606|| aca||aabn | a|a d
040 ## - CATALOGING SOURCE
- Original cataloging agency: JO-AjAnu
- Transcribing agency: JO-AjAnu
150 ## - HEADING--TOPICAL TERM
- Topical term or geographic name entry element: آثار-زخارف-آثار بغداد-زخارف جدارية
670 ## - SOURCE DATA FOUND
- Source citation: Work cat.: (JO-AjAnu)25038: حمودي الاعضمي، خالد خليل تأليف, author 48950, الزخارف الجدارية في آثار بغداد